书目信息 |
| 题名: |
长江三峡水利枢纽水力学问题研究
|
|
| 作者: | 周胜 , 周赤 , 才君眉 编著 | |
| 分册: | ||
| 出版信息: | 北京 中国水利水电出版社 2006.05 |
|
| 页数: | 134页 | |
| 开本: | 24cm | |
| 丛书名: | ||
| 单 册: | ||
| 中图分类: | TV632.71 | |
| 科图分类: | ||
| 主题词: | 三峡水利工程--san xia shui li gong cheng--水力学 | |
| 电子资源: | ||
| ISBN: | 7-5084-3575-3 | |
| 000 | 01020nam0 2200253 450 | |
| 001 | 012006899832 | |
| 005 | 20060808103240.81 | |
| 010 | @a7-5084-3575-3@dCNY25.00 | |
| 100 | @a20060808d2006 km y0chiy0120 ea | |
| 101 | 0 | @achi |
| 102 | @aCN@b110000 | |
| 105 | @aa z 000yy | |
| 106 | @ar | |
| 200 | 1 | @a长江三峡水利枢纽水力学问题研究@Achang jiang san xia shui li shu niu shui li xue wen ti yan jiu@f周胜, 周赤, 才君眉等编著@Fzhou sheng,zhou chi,cai jun mei deng bian zhu |
| 210 | @a北京@c中国水利水电出版社@d2006.05 | |
| 215 | @a134页@c图@d24cm | |
| 330 | @a本书介绍了长江三峡水利枢纽单项工程技术设计阶段水力学研究的主要成果,包括泄洪建筑物与厂房总体布置;施工导流方案确定;泄水建筑物具体布置与下游消能防冲;表孔体型与长短闸墩方案比较等内容。 | |
| 606 | 0 | @a三峡水利工程@Asan xia shui li gong cheng@x水力学 |
| 690 | @aTV632.71@v4 | |
| 701 | 0 | @a周胜@Azhou sheng@4编著 |
| 701 | 0 | @a周赤@Azhou chi@4编著 |
| 701 | 0 | @a才君眉@Acai jun mei@4编著 |
| 801 | 0 | @aCN@bQSSK@c20060808 |
| 905 | @b599489-91@dTV632.71@eZ792 | |
| 长江三峡水利枢纽水力学问题研究/周胜, 周赤, 才君眉等编著.-北京:中国水利水电出版社,2006.05 |
| 134页:图;24cm |
| ISBN 7-5084-3575-3:CNY25.00 |
| 本书介绍了长江三峡水利枢纽单项工程技术设计阶段水力学研究的主要成果,包括泄洪建筑物与厂房总体布置;施工导流方案确定;泄水建筑物具体布置与下游消能防冲;表孔体型与长短闸墩方案比较等内容。 |
| ● |
| 相关链接 |
|
|
|
正题名:长江三峡水利枢纽水力学问题研究
索取号:TV632.71/Z792
 
预约/预借
| 序号 | 登录号 | 条形码 | 馆藏地/架位号 | 状态 | 备注 |
| 1 | 599489 | 205994897 | 自科库501/501自科库 48排2列3层/ [索取号:TV632.71/Z792] | 在馆 | |
| 2 | 599490 | 205994904 | 自科库501/501自科库 48排2列3层/ [索取号:TV632.71/Z792] | 在馆 | |
| 3 | 599491 | 205994913 | 期刊室512/501自科库 48排2列3层/ [索取号:TV632.71/Z792] | 在馆 |